| 000 | 00833nam a22002297a 4500 | ||
|---|---|---|---|
| 005 | 20160425161622.0 | ||
| 010 | _a1516ENO7 | ||
| 020 |
_a9789351430841 _c495.00 |
||
| 035 | _aB-610970-993 | ||
| 037 |
_adpl _bUBH/Ven |
||
| 082 | _a344.010954 | ||
| 100 | _aAvtar Singh | ||
| 245 |
_aIntroduction to labour and industrial law / _cby Avtar Singh [and] Harpreet Kaur |
||
| 250 | _a3rd ed | ||
| 260 |
_aGurgaon _bLexis Nexis _c2015 |
||
| 270 |
_a14th Floor, Bldg. No.10,Tower -B, DLF Cyber City,Phase-2 _bGurgaon _e122002 _k+911244774444 |
||
| 300 |
_a1000p.: _bill. _c23cm(pbk) |
||
| 500 | _aIncludes index | ||
| 700 | _aKaur, Harpreet | ||
| 942 |
_2ddc _cEN _h344.010954 _mAVT |
||
| 999 |
_c95956 _d95956 |
||